000 00277nam a22001097a 4500
008 170119b xxu||||| |||| 00| 0 eng d
020 _a9781451143690
041 _aeng
080 _a618.2
245 _aCANADIAN JENSEN'S NURSING HEALTH ASSESSMENT
_cSTEPHEN, T.C
942 _2udc
_cBK
999 _c3198
_d3198